[Event "Titled Tue 20th May Late"]
[Site "chess.com INT"]
[Date "2025.05.20"]
[Round "2"]
[White "Gimeno Martos, Roberto"]
[Black "Sivakumar, Shaashwath"]
[Result "0-1"]
[WhiteTitle "CM"]
[BlackTitle "FM"]
[WhiteElo "2090"]
[BlackElo "2234"]
[WhiteFideId "2226804"]
[BlackFideId "30912156"]
[EventDate "2025.05.20"]

1. e4 c5 2. Nc3 d6 3. g3 Nc6 4. Bg2 g6 5. d3 Bg7 6. Be3 e6 7. Qd2 h5 8. h3 Nge7
9. Nge2 Nd4 10. Nc1 Rb8 11. Nd1 b5 12. c3 Ndc6 13. O-O b4 14. Kh2 Ba6 15. f4 f5
16. Nf2 O-O 17. Ne2 fxe4 18. Nxe4 Nd5 19. Ng5 Qf6 20. Ne4 Qe7 21. Bg1 Rb6 22.
Rae1 bxc3 23. N2xc3 Ndb4 24. Ng5 Nd8 25. Nd5 Nxd5 26. Bxd5 Rxb2 27. Qxb2 Bxb2
28. Nxe6 Bb7 29. Ng5+ Bxd5 30. Rxe7 Nc6 31. Rc7 Nd4 32. Re1 Bc3 33. Ree7 Nf5 34.
Rh7 Re8 35. g4 Re2+ 36. Bf2 Rxf2+ 37. Kg1 Rg2+ 38. Kf1 Ne3# 0-1

[Event "Titled Tue 20th May Late"]
[Site "chess.com INT"]
[Date "2025.05.20"]
[Round "2"]
[White "Arakhamia-Grant, Ketevan"]
[Black "Kavri, Yusuf Eren"]
[Result "1-0"]
[WhiteTitle "GM"]
[WhiteElo "2262"]
[BlackElo "2142"]
[WhiteFideId "13600168"]
[BlackFideId "34591044"]
[EventDate "2025.05.20"]

1. e4 c5 2. Nf3 d6 3. Bb5+ Nd7 4. O-O Nf6 5. Re1 a6 6. Bf1 e6 7. c3 Be7 8. d4
O-O 9. Nbd2 b5 10. e5 Nd5 11. Ne4 dxe5 12. dxe5 Bb7 13. Bd3 Qc7 14. Neg5 g6 15.
h4 Rad8 16. Qe2 c4 17. Bc2 b4 18. Bd2 bxc3 19. bxc3 Ba3 20. Rab1 Bc5 21. h5 Rb8
22. hxg6 hxg6 23. Qe4 N5f6 24. Rxb7 Qxb7 25. exf6 Qxe4 26. Nxe4 Rfd8 27. Ba4 Ba7
28. Bf4 e5 29. Nxe5 Nxe5 30. Bxe5 Rb2 31. Bg3 Rxa2 32. Bc6 a5 33. Rb1 a4 34. Rb7
Bb8 35. Bxb8 a3 36. Bd6 Rb2 37. Bxa3 Rd1+ 38. Kh2 Rxb7 39. Bxb7 Rd3 40. Bb4 Rd7
41. Ba6 Rc7 42. f3 1-0

[Event "Titled Tue 20th May Late"]
[Site "chess.com INT"]
[Date "2025.05.20"]
[Round "2"]
[White "Piddubna, Bozhena"]
[Black "Ruiz Aguilar, Pablo Alexander"]
[Result "0-1"]
[WhiteTitle "WFM"]
[BlackTitle "FM"]
[WhiteElo "2174"]
[BlackElo "2141"]
[WhiteFideId "34109293"]
[BlackFideId "4401352"]
[EventDate "2025.05.20"]

1. d4 d5 2. c4 c6 3. Nf3 Nf6 4. g3 Bf5 5. Nc3 e6 6. Nh4 Be4 7. f3 Bg6 8. Qb3 Qb6
9. c5 Qc7 10. Bf4 Qc8 11. Nxg6 hxg6 12. Bg2 Be7 13. e4 O-O 14. O-O Na6 15. Bd6
Qd7 16. e5 Ne8 17. f4 Nec7 18. g4 Nb5 19. Nxb5 cxb5 20. Bxe7 Qxe7 21. Qxb5 Rfc8
22. Rac1 Rc7 23. f5 gxf5 24. gxf5 Qg5 25. Rc3 exf5 26. Rg3 Qd2 27. Rd3 Qb4 28.
Qxb4 Nxb4 29. Rb3 Nc6 30. Bxd5 Nxd4 31. Rxb7 Rac8 32. Rxc7 Rxc7 33. c6 Kf8 34.
b4 Ke7 35. a4 Nxc6 36. Rxf5 Nd8 37. Rf2 Rc1+ 38. Kg2 Rc3 39. Rd2 Re3 40. Rc2
Rxe5 41. Bf3 Kd7 42. b5 Re3 43. a5 Ra3 0-1

[Event "Titled Tue 20th May Late"]
[Site "chess.com INT"]
[Date "2025.05.20"]
[Round "2"]
[White "Ermolaev, Evgeny"]
[Black "Moinzai, Khushal"]
[Result "1-0"]
[WhiteTitle "FM"]
[BlackTitle "FM"]
[WhiteElo "2282"]
[BlackElo "1894"]
[WhiteFideId "24103195"]
[BlackFideId "11701200"]
[EventDate "2025.05.20"]

1. d4 Nf6 2. c4 e6 3. Nf3 Bb4+ 4. Bd2 Qe7 5. g3 b6 6. Bg2 Bb7 7. O-O O-O 8. Bf4
c5 9. a3 Ba5 10. dxc5 bxc5 11. Bd6 Qd8 12. Bxf8 Qxf8 13. Nbd2 d5 14. cxd5 Bxd5
15. Ne5 Qd6 16. Nec4 Qc7 17. Nxa5 Qxa5 18. Rc1 Nbd7 19. Bxd5 exd5 20. Qc2 Re8
21. Nb3 Qb5 22. e3 c4 23. Nd4 Qa6 24. b3 Ne5 25. bxc4 Nxc4 26. a4 h5 27. Nb5 Qb7
28. Qf5 h4 29. Rxc4 dxc4 30. Nd6 Qc6 31. Nxe8 Nxe8 32. gxh4 Nf6 33. Rd1 g6 34.
Qf4 c3 35. Rd8+ Kg7 36. Qb4 Nd7 37. Qd4+ Nf6 38. Rd6 Qf3 39. Qxc3 Qg4+ 40. Kf1
Qh3+ 41. Ke1 Qxh4 42. Qe5 1-0

[Event "Titled Tue 20th May Late"]
[Site "chess.com INT"]
[Date "2025.05.20"]
[Round "2"]
[White "Mata Gonzalez, Jose Fernando"]
[Black "Sakmak, Kutay"]
[Result "1-0"]
[WhiteTitle "CM"]
[BlackTitle "CM"]
[WhiteElo "2164"]
[BlackElo "2158"]
[WhiteFideId "5107423"]
[BlackFideId "44581939"]
[EventDate "2025.05.20"]

1. e4 e5 2. Nf3 Nc6 3. Bc4 Bc5 4. O-O Nf6 5. c3 d6 6. d4 exd4 7. cxd4 Bb6 8. Nc3
h6 9. h3 O-O 10. Bb3 Re8 11. Bc2 d5 12. e5 Ne4 13. Re1 Bf5 14. Ne2 Qd7 15. g4
Be6 16. Ng3 Nxg3 17. fxg3 h5 18. gxh5 Bxh3 19. Qd3 f5 20. exf6 Rxe1+ 21. Nxe1
Bxd4+ 22. Kh2 Bxf6 23. Qh7+ Kf7 24. Bg6+ Ke7 25. Nf3 Bg4 26. Bg5 Bxf3 27. Qxg7+
Kd6 28. Qxf6+ Kc5 29. Rc1+ Kb6 30. Qxf3 a5 31. Be3+ d4 32. Rxc6+ bxc6 33. Bf2
Qd6 34. Qb3+ Ka7 35. Qc3 c5 36. Qxa5+ Kb7 37. Qb5+ Kc8 38. Be4 Rb8 39. Qe8+ Qd8
40. Bf5+ Kb7 41. Qb5+ Ka8 42. Qa6# 1-0

[Event "Titled Tue 20th May Late"]
[Site "chess.com INT"]
[Date "2025.05.20"]
[Round "2"]
[White "Jedryczka, Krystian"]
[Black "Bian, Alex"]
[Result "1-0"]
[BlackTitle "FM"]
[WhiteElo "2084"]
[BlackElo "2342"]
[WhiteFideId "1109472"]
[BlackFideId "2056372"]
[EventDate "2025.05.20"]

1. e4 c5 2. Nf3 Nc6 3. Nc3 g6 4. Bb5 Bg7 5. O-O Nf6 6. Re1 O-O 7. h3 d5 8. exd5
Nxd5 9. Bxc6 Nxc3 10. bxc3 bxc6 11. a4 c4 12. Qe2 Be6 13. Ba3 Bf6 14. a5 Re8 15.
Bc5 Qd5 16. Bd4 Bxd4 17. Nxd4 Bd7 18. a6 e5 19. Nf3 f6 20. Qe3 Bf5 21. Ra2 Reb8
22. Qh6 Qf7 23. Nh4 Be6 24. Ra5 Rb6 25. Kh2 Rd8 26. Nf3 Bd5 27. Nh4 Rb2 28. Re3
Rxc2 29. Rg3 Be4 30. Rc5 Rb8 31. Qe3 Bd3 32. Rxc6 Rc1 33. Qc5 Rbb1 34. Rc8+ Kg7
35. Rxd3 cxd3 36. Rc7 Qxc7 37. Qxc7+ Kh6 38. Nf3 e4 39. Nd4 f5 40. Qf4+ Kg7 41.
Qe5+ Kh6 42. Ne6 Kh5 43. Qg7 f4 44. Qxh7# 1-0

[Event "Titled Tue 20th May Late"]
[Site "chess.com INT"]
[Date "2025.05.20"]
[Round "2"]
[White "Liu, Jason"]
[Black "Kushko, Dmitriy"]
[Result "0-1"]
[BlackTitle "IM"]
[WhiteElo "2064"]
[BlackElo "2454"]
[WhiteFideId "2514656"]
[BlackFideId "14162261"]
[EventDate "2025.05.20"]

1. e4 d6 2. d4 Nf6 3. Nc3 g6 4. Nge2 Bg7 5. g3 b5 6. Bg2 Bb7 7. Nxb5 Bxe4 8.
Bxe4 Nxe4 9. Qd3 Nf6 10. Qc4 c6 11. Nbc3 O-O 12. Be3 a5 13. O-O Qb6 14. Rab1 Qb4
15. Qd3 Na6 16. Ne4 Ng4 17. c3 Qb5 18. Qxb5 cxb5 19. h3 Nxe3 20. fxe3 Bh6 21.
Kf2 Nc7 22. g4 f5 23. N4g3 fxg4+ 24. Kg2 gxh3+ 25. Kxh3 Bxe3 26. Ne4 Nd5 27. a4
bxa4 28. Ra1 Rxf1 29. Rxf1 Rb8 30. Rb1 a3 31. b3 Nf4+ 32. Nxf4 Bxf4 33. Kg4 Bh6
34. Kf3 a2 35. Ra1 Rxb3 36. Rxa2 d5 37. Nc5 Rxc3+ 38. Kg4 Bg7 39. Rxa5 Bxd4 40.
Ne6 Bf6 41. Rxd5 Kf7 42. Nd8+ Ke8 43. Ne6 h5+ 44. Kf4 Rc4+ 45. Kf3 h4 46. Nf4 g5
47. Ng6 Kf7 48. Ne5+ Bxe5 49. Rxe5 Kf6 0-1

[Event "Titled Tue 20th May Late"]
[Site "chess.com INT"]
[Date "2025.05.20"]
[Round "2"]
[White "Petriashvili, Nikoloz"]
[Black "Wartiovaara, Oliver"]
[Result "1-0"]
[WhiteTitle "IM"]
[BlackTitle "FM"]
[WhiteElo "2468"]
[BlackElo "2323"]
[WhiteFideId "13611216"]
[BlackFideId "513024"]
[EventDate "2025.05.20"]

1. Na3 e5 2. d4 exd4 3. Qxd4 Nc6 4. Qd3 d5 5. Bf4 Nf6 6. Nb5 Bb4+ 7. c3 Ba5 8.
Nf3 O-O 9. e3 a6 10. Nbd4 Nxd4 11. Qxd4 Bb6 12. Qd1 Re8 13. Be2 Ne4 14. O-O c6
15. c4 Be6 16. Nd4 Qf6 17. Nxe6 fxe6 18. Qb3 e5 19. Bg3 Nxg3 20. hxg3 Ba7 21.
cxd5 cxd5 22. Qxd5+ Kh8 23. Qxb7 Reb8 24. Qe4 Bc5 25. Bd3 g6 26. Rac1 Bf8 27.
Rc6 Qe7 28. b3 Ra7 29. Rfc1 Rd8 30. Rc8 Rxc8 31. Rxc8 Kg7 32. Rc6 Rc7 33. Rxc7
Qxc7 34. Bxa6 Qa5 35. Bc4 Bd6 36. Qb1 Qa3 37. Qc2 e4 38. Bd5 h5 39. Bxe4 h4 40.
gxh4 Qa5 41. g3 Qe1+ 42. Kg2 g5 43. hxg5 Be7 44. a4 Bxg5 45. Qc7+ Kh6 46. Qd6+ 1-0

[Event "Titled Tue 20th May Late"]
[Site "chess.com INT"]
[Date "2025.05.20"]
[Round "2"]
[White "Sheehan, Ethan"]
[Black "Ismagilov, Damir"]
[Result "1-0"]
[BlackTitle "CM"]
[WhiteElo "2380"]
[BlackElo "2173"]
[WhiteFideId "30943965"]
[BlackFideId "34199982"]
[EventDate "2025.05.20"]

1. d4 d5 2. Nf3 Nf6 3. Bf4 e6 4. e3 c5 5. Nbd2 Nc6 6. c3 cxd4 7. exd4 Nh5 8. Be3
Bd6 9. Bd3 Nf4 10. Bxf4 Bxf4 11. O-O O-O 12. Re1 g6 13. Nf1 Bd7 14. Ne3 Qc7 15.
g3 Bh6 16. h4 f6 17. Qc2 Kh8 18. h5 gxh5 19. Bxh7 f5 20. Bg6 f4 21. Ng2 fxg3 22.
Bxh5 gxf2+ 23. Qxf2 Rf6 24. Qh4 Raf8 25. Ng5 e5 26. Nf7+ R8xf7 27. Bxf7 Kg7 28.
Bxd5 exd4 29. Rf1 Qe5 30. Qxf6+ Qxf6 31. Rxf6 Kxf6 32. cxd4 Nxd4 33. Bxb7 Bb5
34. Rd1 Ke5 35. Kf2 a5 36. Ne3 Bg7 37. Rxd4 Kxd4 38. Nf5+ Kd3 39. Nxg7 Kc2 40.
b3 a4 41. bxa4 Bxa4 42. Nf5 Kb2 43. Bd5 Ka3 44. Nd4 Bd1 45. Ke3 Ba4 46. Kd2 Kb2
47. Ne2 Ka3 48. Kc3 Bb5 49. Nd4 Ba4 50. Bb3 Bxb3 51. axb3 1-0

[Event "Titled Tue 20th May Late"]
[Site "chess.com INT"]
[Date "2025.05.20"]
[Round "2"]
[White "Cori Quispe, Kevin Joel"]
[Black "Tsydypov, Zhamsaran"]
[Result "1-0"]
[WhiteTitle "GM"]
[BlackTitle "GM"]
[WhiteElo "2464"]
[BlackElo "2514"]
[WhiteFideId "3814017"]
[BlackFideId "4108566"]
[EventDate "2025.05.20"]

1. d4 g6 2. e4 Bg7 3. Nc3 d6 4. f4 a6 5. Nf3 b5 6. a4 b4 7. Ne2 Bb7 8. Ng3 Nf6
9. e5 Nd5 10. Bd3 O-O 11. O-O e6 12. Bd2 Nd7 13. c4 bxc3 14. bxc3 c5 15. Ne4
dxe5 16. fxe5 Bc6 17. Kh1 Qc7 18. Qe2 Ne7 19. Nd6 Nc8 20. Nxc8 Qxc8 21. Ng5 Nb6
22. a5 c4 23. Bc2 Nd5 24. Ne4 Bb5 25. Rf3 Qc7 26. Qf2 Rab8 27. Qh4 Bc6 28. Bh6
Qd8 29. Ng5 f6 30. Nxe6 Qd7 31. Nxf8 Rxf8 32. Bxg7 Kxg7 33. exf6+ Nxf6 34. Rf2
Qe7 35. Raf1 h6 36. Qg3 g5 37. Qe5 Qd8 38. Qf5 Be8 39. Qc5 Bh5 40. Qxc4 Qxa5 41.
Qe6 Qd8 42. Qe5 a5 43. h3 Be8 44. c4 a4 45. d5 a3 46. Bb1 Rf7 47. d6 Bc6 48. Kh2
Rf8 49. c5 Rf7 50. Ba2 Rf8 51. Qe7+ 1-0

[Event "Titled Tue 20th May Late"]
[Site "chess.com INT"]
[Date "2025.05.20"]
[Round "2"]
[White "Avramidou, Anastasia"]
[Black "Zanette, Edgard Vinicius"]
[Result "1-0"]
[WhiteTitle "FM"]
[WhiteElo "2294"]
[BlackElo "2041"]
[WhiteFideId "4239873"]
[BlackFideId "2109263"]
[EventDate "2025.05.20"]

1. Nf3 c5 2. c4 Nc6 3. g3 g6 4. Bg2 Bg7 5. O-O e5 6. Nc3 Nge7 7. d3 a6 8. Rb1
O-O 9. a3 d6 10. b4 b6 11. b5 axb5 12. cxb5 Na5 13. Bg5 Ra7 14. Nd2 h6 15. Bxe7
Qxe7 16. Nd5 Qd8 17. a4 Be6 18. Nc4 Nxc4 19. dxc4 f5 20. Qb3 e4 21. Rfd1 Bxd5
22. Rxd5 Be5 23. f3 Qa8 24. fxe4 f4 25. gxf4 Rxf4 26. Qh3 Kg7 27. Rbd1 Qf8 28.
Bf3 Raf7 29. R5d3 Kf6 30. Rb3 Kg7 31. Kh1 Qe7 32. Qg2 Rh4 33. h3 Qe6 34. Kg1
Bd4+ 35. e3 Be5 36. a5 bxa5 37. b6 Rxh3 38. Bg4 Qxg4 39. Qxg4 Rg3+ 40. Qxg3 Bxg3
41. b7 1-0

[Event "Titled Tue 20th May Late"]
[Site "chess.com INT"]
[Date "2025.05.20"]
[Round "2"]
[White "Varriale, Luca"]
[Black "Risteski, Emil"]
[Result "0-1"]
[BlackTitle "IM"]
[WhiteElo "2172"]
[BlackElo "2359"]
[WhiteFideId "882461"]
[BlackFideId "15005267"]
[EventDate "2025.05.20"]

1. Nf3 e6 2. c4 b6 3. Nc3 Bb7 4. g3 c5 5. Bg2 Nf6 6. O-O d6 7. d4 cxd4 8. Qxd4
a6 9. Rd1 Be7 10. b3 Nbd7 11. Bb2 O-O 12. Rac1 Qc7 13. Ba3 Nc5 14. b4 Ncd7 15.
Nd2 Bxg2 16. Kxg2 Rac8 17. Nce4 Rfd8 18. Kg1 h6 19. Bb2 Bf8 20. Nb3 e5 21. Qd3
Nxe4 22. Qxe4 Nf6 23. Qf3 Qc6 24. Qd3 Qe4 25. a3 Qg4 26. f3 Qe6 27. Nd2 d5 28.
cxd5 Rxc1 29. Rxc1 Rxd5 30. Qc2 a5 31. Bc3 axb4 32. Bxb4 Bc5+ 33. Bxc5 Rxc5 34.
Qb2 Qc6 35. Rxc5 Qxc5+ 36. Kg2 Nd5 37. Qb3 Ne3+ 38. Kh3 Qc8+ 39. g4 Qc5 40. Ne4
Qd4 41. Nd6 Nd5 42. Nf5 Nf4+ 43. Kh4 g5+ 44. Kg3 Qg1# 0-1

[Event "Titled Tue 20th May Late"]
[Site "chess.com INT"]
[Date "2025.05.20"]
[Round "2"]
[White "Grzesik, Gracjan"]
[Black "Terron Elena, Francisco M."]
[Result "1-0"]
[WhiteTitle "CM"]
[BlackTitle "FM"]
[WhiteElo "2175"]
[BlackElo "2148"]
[WhiteFideId "1194593"]
[BlackFideId "2210576"]
[EventDate "2025.05.20"]

1. c4 e5 2. Nc3 Nf6 3. Nf3 d6 4. d4 Nbd7 5. g3 Be7 6. Bg2 O-O 7. O-O c6 8. b3
Re8 9. Bb2 a6 10. Qc2 Qc7 11. Rac1 Bf8 12. e4 b5 13. cxb5 cxb5 14. Nd5 Qxc2 15.
Rxc2 Nxd5 16. exd5 e4 17. Ng5 Nf6 18. Re1 Bf5 19. Rce2 Nxd5 20. Nxe4 Rad8 21. a3
Bxe4 22. Bxe4 Nf6 23. Bb7 Rxe2 24. Rxe2 a5 25. b4 axb4 26. axb4 d5 27. Bc6 Bxb4
28. Bxb5 Kf8 29. Bd3 g6 30. Kg2 Be7 31. h3 Rb8 32. Bc1 Rb4 33. Be3 Rb3 34. Bc2
Rc3 35. Ba4 Rc4 36. Bh6+ Kg8 37. Rxe7 Rxa4 38. Rb7 Ra8 39. Bg5 Ne4 40. Bh6 Rd8
41. Ra7 Nc3 42. Rb7 1-0

[Event "Titled Tue 20th May Late"]
[Site "chess.com INT"]
[Date "2025.05.20"]
[Round "2"]
[White "Thorhallsson, Simon"]
[Black "Hernandez Bermudez, Ulises Eduardo"]
[Result "0-1"]
[WhiteTitle "FM"]
[WhiteElo "2218"]
[BlackElo "2042"]
[WhiteFideId "2310090"]
[BlackFideId "3902510"]
[EventDate "2025.05.20"]

1. d4 Nf6 2. c4 g6 3. g3 Bg7 4. Bg2 O-O 5. Nc3 d6 6. Nf3 Nc6 7. O-O e5 8. dxe5
Nxe5 9. Nxe5 dxe5 10. b3 c6 11. Bb2 Be6 12. Ne4 Nxe4 13. Bxe4 f5 14. Bg2 Qxd1
15. Rfxd1 Rfd8 16. e4 Kf7 17. exf5 gxf5 18. Re1 e4 19. Bxg7 Kxg7 20. f3 Rd4 21.
fxe4 Rad8 22. exf5 Bxf5 23. Re7+ Kf6 24. Rxb7 Rd1+ 25. Rxd1 Rxd1+ 26. Kf2 Rd2+
27. Kf3 Rxa2 28. h3 Ke5 29. Re7+ Kd4 30. g4 Bg6 31. Kg3 Rb2 32. Rxa7 Rxb3+ 33.
Kh4 c5 34. Rd7+ Kc3 35. Bd5 Rb2 36. Kg5 Re2 37. h4 Bd3 38. Rc7 Kd4 39. Kh6 Rh2
40. h5 Ke5 41. Rxc5 Be2 42. Kg5 Kd4 43. Rc7 h6+ 44. Kxh6 Bxg4 45. Bf7 Ke5 46.
Kg5 Be2 47. h6 Kd6 48. Ra7 Bd3 49. Bg8 Rg2+ 50. Kf6 Rxg8 51. Rg7 Rf8+ 52. Kg5
Rh8 53. Kh5 Ke6 0-1

[Event "Titled Tue 20th May Late"]
[Site "chess.com INT"]
[Date "2025.05.20"]
[Round "2"]
[White "Mohammed, Dilshad"]
[Black "Alazmi, Amani"]
[Result "0-1"]
[BlackTitle "WCM"]
[WhiteElo "2079"]
[BlackElo "1725"]
[WhiteFideId "5050421"]
[BlackFideId "10303553"]
[EventDate "2025.05.20"]

1. d4 d5 2. e4 dxe4 3. Nc3 Nf6 4. Bg5 Nbd7 5. Nge2 h6 6. Bh4 g5 7. Bg3 Bg7 8.
Nb5 O-O 9. Bxc7 Qe8 10. h4 g4 11. Bf4 Qd8 12. Nc7 Rb8 13. Nc3 Nh5 14. N7d5 Nxf4
15. Nxf4 Nf6 16. Bc4 Qc7 17. Ng6 Qxc4 18. Nxf8 Kxf8 19. Qd2 Bf5 20. Qf4 Qc8 21.
O-O-O h5 22. Kb1 b5 23. f3 b4 24. Nxe4 Nd5 25. Qg5 Bxe4 26. fxe4 Nc3+ 27. bxc3
bxc3+ 28. Ka1 Rb2 29. Qa5 Bh6 30. Rhf1 Qc4 31. e5 Be3 32. d5 Bb6 33. Qa3 Bc5 34.
Qa5 Bb6 35. Qa3 Bc5 36. Rf4 Qxf4 37. Qxc5 Qa4 38. a3 Qxc2 39. Qc4 Qxd1# 0-1

[Event "Titled Tue 20th May Late"]
[Site "chess.com INT"]
[Date "2025.05.20"]
[Round "2"]
[White "Rozman, Levy"]
[Black "Caruana, Fabiano"]
[Result "0-1"]
[WhiteTitle "IM"]
[BlackTitle "GM"]
[WhiteElo "2324"]
[BlackElo "2776"]
[WhiteFideId "2039877"]
[BlackFideId "2020009"]
[EventDate "2025.05.20"]

1. d4 b5 2. Nf3 Bb7 3. Bf4 e6 4. e3 b4 5. Bd3 Nf6 6. h3 Be7 7. O-O O-O 8. Nbd2
c5 9. c3 a5 10. Bh2 d5 11. Qe2 Ne4 12. c4 Nd7 13. Rac1 Rc8 14. Rfd1 Qb6 15. cxd5
exd5 16. Bb5 Ndf6 17. dxc5 Bxc5 18. Nb3 Be7 19. Nbd4 g6 20. Qe1 Nd6 21. Bxd6
Bxd6 22. Rxc8 Rxc8 23. Rc1 Ne4 24. Rxc8+ Bxc8 25. Bc6 Nf6 26. Qe2 Kg7 27. g4 Qc5
28. Qc2 Qxc2 29. Nxc2 h5 30. g5 Ng8 31. Kg2 Ne7 32. Ba8 Bf5 33. Ncd4 Be4 34. Kf1
Bb1 35. Nb3 a4 36. Nc1 Bf5 37. h4 f6 38. gxf6+ Kxf6 39. Nd4 Bd7 40. Nd3 g5 41.
hxg5+ Kxg5 42. Kg2 h4 43. f4+ Kf6 44. Nf2 Bc5 45. Bb7 a3 46. bxa3 bxa3 47. Nd3
Bxd4 48. exd4 Nf5 49. Nb4 Be6 50. Bxd5 Ne3+ 0-1

[Event "Titled Tue 20th May Late"]
[Site "chess.com INT"]
[Date "2025.05.20"]
[Round "2"]
[White "Harsha, Bharathakoti"]
[Black "Manvelyan, Mikayel"]
[Result "1-0"]
[WhiteTitle "GM"]
[BlackTitle "FM"]
[WhiteElo "2532"]
[BlackElo "2362"]
[WhiteFideId "5078776"]
[BlackFideId "13310143"]
[EventDate "2025.05.20"]

1. d4 d5 2. c4 c6 3. Nf3 Nf6 4. Nc3 dxc4 5. a4 Bf5 6. e3 e6 7. Bxc4 Bb4 8. O-O
O-O 9. Qe2 Bg6 10. Ne5 Nbd7 11. Nxg6 hxg6 12. Rd1 Qe7 13. e4 e5 14. d5 Nb6 15.
Bb3 cxd5 16. exd5 Rfd8 17. Bg5 Bxc3 18. bxc3 Rac8 19. a5 Nbd7 20. d6 Qf8 21. Qc2
Rc6 22. Qxg6 Rxc3 23. Ba2 Rc5 24. h4 Rxa5 25. Bxf7+ Qxf7 26. Qxf7+ Kxf7 27. Rxa5
a6 28. Rc1 Ke6 29. Rc7 Rb8 30. f4 Ne8 31. Rc2 Nxd6 32. fxe5 Nf7 33. Bf4 Rh8 34.
g3 g5 35. hxg5 Rg8 36. Rb2 Nxg5 37. Rxb7 Nf3+ 38. Kf2 Nfxe5 39. Rxa6+ Kf5 40.
Ra5 Ke4 41. Rb4+ Kf5 42. Bxe5 Nxe5 43. Rf4+ Ke6 44. Re4 Rg5 45. Kg2 Kf6 46.
Rexe5 Rxe5 47. Rxe5 Kxe5 48. Kh3 Kf5 49. Kh4 Kg6 50. Kg4 Kf6 51. Kh5 Kg7 52. Kg5
Kf7 53. Kh6 Kf6 54. g4 Kf7 55. g5 Kg8 56. Kg6 Kh8 57. Kf7 Kh7 58. g6+ Kh6 59. g7 1-0

[Event "Titled Tue 20th May Late"]
[Site "chess.com INT"]
[Date "2025.05.20"]
[Round "2"]
[White "Lewicki, Miroslaw"]
[Black "Shevkunov, Vladyslav"]
[Result "1/2-1/2"]
[WhiteTitle "IM"]
[WhiteElo "2317"]
[BlackElo "2073"]
[WhiteFideId "1113380"]
[BlackFideId "30953448"]
[EventDate "2025.05.20"]

1. b3 d5 2. Bb2 c5 3. g3 Nf6 4. Bg2 g6 5. e3 Bg7 6. Ne2 O-O 7. O-O Nc6 8. d4 Ne4
9. Nbc3 Nxc3 10. Bxc3 cxd4 11. Nxd4 e5 12. Nxc6 bxc6 13. Qd2 Be6 14. Rad1 a5 15.
a4 Qb6 16. h4 h6 17. h5 g5 18. Qe2 Rfd8 19. Kh2 Qc7 20. Bh3 Bxh3 21. Kxh3 Qd7+
22. Kg2 Qf5 23. g4 Qe6 24. e4 d4 25. Bd2 d3 26. cxd3 Qxb3 27. Be3 Qxa4 28. Ra1
Qb3 29. Rfd1 a4 30. Rab1 Qe6 31. f3 a3 32. Ra1 Rdb8 33. Rd2 Bf8 34. d4 Bb4 35.
Rc2 Rd8 36. dxe5 Qxe5 37. Raa2 Bd6 38. Rxc6 Qh2+ 39. Kf1 Qh1+ 40. Bg1 Rab8 41.
Rc1 Bf4 42. Rca1 Rb2 43. Rxb2 axb2 44. Qxb2 Qxf3+ 45. Qf2 Qh3+ 46. Qg2 Qd3+ 47.
Qe2 Qh3+ 48. Qg2 Qd3+ 49. Qe2 Qh3+ 50. Qg2 1/2-1/2

[Event "Titled Tue 20th May Late"]
[Site "chess.com INT"]
[Date "2025.05.20"]
[Round "2"]
[White "Flores Mirabal, Nancy"]
[Black "Sampaoli, Cristian"]
[Result "0-1"]
[WhiteTitle "WCM"]
[BlackTitle "CM"]
[WhiteElo "2050"]
[BlackElo "2211"]
[WhiteFideId "109339"]
[BlackFideId "115800"]
[EventDate "2025.05.20"]

1. c4 c5 2. Nc3 e6 3. g3 d5 4. cxd5 exd5 5. d4 Nc6 6. Nf3 c4 7. Bg2 Bb4 8. O-O
Nge7 9. a3 Ba5 10. Qc2 O-O 11. Bg5 f6 12. Bd2 Be6 13. Rfe1 Bxc3 14. bxc3 Bf5 15.
Qb2 Na5 16. Nh4 Be4 17. f3 Bg6 18. Nxg6 hxg6 19. e4 Nb3 20. Rad1 Nc6 21. exd5
Qxd5 22. f4 Qd6 23. d5 Nd8 24. Qc2 f5 25. Be3 Re8 26. Bf1 b5 27. a4 a6 28. h4
Nf7 29. h5 gxh5 30. Qxf5 g6 31. Qc2 Nh6 32. Bd4 Nf5 33. Be5 Qc5+ 34. Kh2 Rad8
35. Bh3 Rf8 36. Bg2 Kh7 37. Be4 Rd7 38. Kg2 bxa4 39. Rh1 Rdf7 40. Bxf5 Rxf5 41.
d6 Qc6+ 42. Kg1 Qf3 43. d7 Qxg3+ 44. Qg2 Qe3+ 45. Qf2 Rxe5 46. Qxe3 Rxe3 47.
d8=Q Rxd8 48. Rxd8 a3 49. Rd7+ Kh6 50. Kf2 Rxc3 51. Rd6 Rc2+ 52. Ke3 a2 53. Rg1
a1=Q 54. Rgxg6+ Kh7 55. Rh6+ Kg7 56. Rhg6+ Kf7 0-1

[Event "Titled Tue 20th May Late"]
[Site "chess.com INT"]
[Date "2025.05.20"]
[Round "2"]
[White "Eames, Robert S"]
[Black "Horak, Martin"]
[Result "0-1"]
[WhiteTitle "FM"]
[BlackTitle "FM"]
[WhiteElo "2136"]
[BlackElo "2324"]
[WhiteFideId "408743"]
[BlackFideId "367095"]
[EventDate "2025.05.20"]

1. e4 c5 2. Nf3 d6 3. d4 cxd4 4. Nxd4 Nf6 5. Nc3 g6 6. Be3 Bg7 7. f3 a6 8. Qd2
h5 9. Be2 b5 10. O-O Nbd7 11. a4 b4 12. Nd5 Nxd5 13. exd5 Bb7 14. Nc6 Qc7 15.
Nxb4 Bxb2 16. Bd4 Bxd4+ 17. Qxd4 Qc5 18. Qxc5 Nxc5 19. c4 a5 20. Nc2 Ba6 21. Nd4
Kd7 22. f4 Rhc8 23. f5 Ne4 24. Nb5 Nd2 25. Rf4 g5 26. Rf2 Nxc4 27. Bxh5 f6 28.
Bf7 Rc5 29. Be6+ Kd8 30. h4 gxh4 31. Rf4 Bxb5 32. axb5 Kc7 33. Rxh4 Kb6 34. Rh7
Ra7 35. Rh8 a4 36. Rb8+ Kc7 37. Re8 Kb6 38. Rb8+ Ka5 39. b6 Nxb6 40. Rb1 Nc4 41.
Ra1 a3 42. Rb3 Ka4 43. Rc3 Kb4 44. Rcc1 Nb2 45. Rcb1 Kb3 46. Bf7 a2 0-1

[Event "Titled Tue 20th May Late"]
[Site "chess.com INT"]
[Date "2025.05.20"]
[Round "2"]
[White "Zlatin, Alexander"]
[Black "Sieciechowicz, Marcin"]
[Result "0-1"]
[WhiteTitle "FM"]
[BlackTitle "IM"]
[WhiteElo "2306"]
[BlackElo "2410"]
[WhiteFideId "2810549"]
[BlackFideId "1130170"]
[EventDate "2025.05.20"]

1. e4 e6 2. Qe2 c5 3. f4 Nc6 4. Nf3 d6 5. c3 g6 6. g3 Bg7 7. Bg2 Nge7 8. O-O O-O
9. d3 b5 10. Be3 b4 11. d4 bxc3 12. bxc3 cxd4 13. cxd4 Qa5 14. Nbd2 Ba6 15. Nc4
Qa4 16. Rfc1 d5 17. exd5 exd5 18. Nb2 Bxe2 19. Nxa4 Bxf3 20. Bxf3 Nxd4 21. Bd1
Ndf5 22. Bc5 Bxa1 23. Rxa1 h5 24. Kf2 Rfd8 25. h3 Nd6 26. Kf3 Nef5 27. g4 Ng7
28. Bb3 Ne4 29. Bxd5 Nxc5 30. Bxa8 Nxa4 31. Bc6 Nb6 32. a4 Ne6 33. Be4 Nc5 34.
Bc6 Rd6 35. Bb5 a6 36. Be2 Nbxa4 37. gxh5 gxh5 38. f5 Nc3 39. Bc4 Rd4 40. Bxa6
Nxa6 41. Rxa6 Rd3+ 42. Kf4 Rxh3 43. Kg5 Kg7 44. f6+ Kh7 45. Ra7 Ne4+ 46. Kf5
Nd6+ 47. Ke5 Rd3 48. Ra6 Kg6 49. Ra1 Nf5 50. Rf1 h4 51. Kf4 Rd4+ 52. Ke5 Rg4 53.
Rd1 h3 54. Rd8 Nh6 55. Rd3 Rh4 56. Rg3+ Kh5 57. Rg1 h2 58. Rh1 Ng4+ 59. Kf5 Nf2
60. Rc1 h1=Q 61. Rc8 Qf3+ 62. Ke5 Re4+ 63. Kd5 Qd3+ 64. Kc6 Rc4+ 65. Kb7 Qb3+
66. Ka8 Ra4# 0-1